| 000 | 01175nam2a2200265 4500 | ||
|---|---|---|---|
| 001 | rc\3017523 | ||
| 005 | 20110926163151.1 | ||
| 035 | _a(NLR Aleph) 007159753 | ||
| 090 |
_a13618678 _c13618678 |
||
| 100 | _a20110926d1942 |||y0rusy50 ca | ||
| 101 | 0 | _arus | |
| 102 | _aRU | ||
| 105 | _ay z ||||| | ||
| 200 | 0 |
_aЧ. 1 _fСоставлены по материалам Физиотерапевтической комиссии УМС Наркомздрава СССР и Государственного института физиотерапии при участии: доц. Г.С. Варшавера, прив.-доц. Н.П. Крылова, доц. А.М. Ланда [и др.] |
|
| 210 | _d1942 | ||
| 215 | _a24 с. | ||
| 461 | 0 |
_1001rc\3017522 _12000#$aИнструкции по применению физических методов лечения при травматических заболеваниях$eЧ. 1-$vЧ. 1 |
|
| 700 | 1 |
_aВаршавер _bГ. С. |
|
| 701 | 1 |
_aКрылов _bН. П. |
|
| 701 | 1 |
_aЛанда _bА. М. |
|
| 801 | 0 |
_aRU _bNLR _gpsbo |
|
| 801 | 1 |
_aRU _bELAR _2rusmarc |
|
| 852 |
_aNLR _jМд20 Г-4/П-1 |
||
| 942 | _cBOOK | ||
| 980 | _aNB | ||